Εξουσία, πολιτική και κοινωνία : μια εισαγωγή στην πολιτική κοινωνιολογία

Αποθηκεύτηκε σε:
Λεπτομέρειες βιβλιογραφικής εγγραφής
Κύριος συγγραφέας: Dobratz, Betty A.
Άλλοι συγγραφείς: Μαρκαντωνάτου, Μαρία Β. (edtf, trlf)
Μορφή: Βιβλίο
Γλώσσα:Greek
English
Δημοσίευση: Αθήνα : Κλειδάριθμος, c2021.
Θέματα:
Ετικέτες: Προσθήκη ετικέτας
Δεν υπάρχουν, Καταχωρήστε ετικέτα πρώτοι!

MARC

LEADER 00000cam a2200000 a 4500
001 1/124800
008 220510s2021####gr | ||| |||| ||gre||
020 |a 9789606452291 
040 |a GR-MyUa  |b gre  |c GR-MyUa  |e AACR2 
041 1 |a gre  |h eng 
082 7 |a 306.2   |2 (23) 
100 1 |a Dobratz, Betty A. 
245 1 0 |a Εξουσία, πολιτική και κοινωνία :   |b μια εισαγωγή στην πολιτική κοινωνιολογία /   |c Betty A. Dobratz, Lisa K. Waldner, Timothy Buzzell ; επιστημονική επιμέλεια ελληνικής έκδοσης Μαρία Μαρκαντωνάτου ; μετάφραση Μαρία Μαρκαντωνάτου.  
250 |3 2η αμερικανική έκδοση.  
260 |a Αθήνα :   |b Κλειδάριθμος,   |c c2021.  
300 |a 717 σ. ;   |b 24 εκ.  
500 |a Τίτλος πρωτοτύπου: Power, politics and society : an introduction to political sociology.  
504 |a Περιλαμβάνει βιβλιογραφικές παραπομπές και ευρετήριο.  
650 0 |a Political sociology. 
700 1 |a Μαρκαντωνάτου, Μαρία Β.  |e edtf  |e trlf 
852 |a INST  |b LESVOS  |c EUDOXUS  |e 20220510  |h 306. 2 DOB  |p 005100063553  |q 005100063553  |t EDX  |y 0 
852 |a INST  |b LESVOS  |c EUDOXUS  |e 20220510  |h 306. 2 DOB  |p 005100063554  |q 005100063554  |t EDX  |y 0 
852 |a INST  |b LESVOS  |c EUDOXUS  |e 20220510  |h 306. 2 DOB  |p 005100063555  |q 005100063555  |t EDX  |y 0 
852 |a INST  |b LESVOS  |c EUDOXUS  |e 20220510  |h 306. 2 DOB  |p 005100063556  |q 005100063556  |t EDX  |y 0 
852 |a INST  |b LESVOS  |c EUDOXUS  |e 20220510  |h 306. 2 DOB  |p 005100063557  |q 005100063557  |t EDX  |y 0 
920 |a Εύδοξος  |b Παραγγελία  |y Λέσβος-ΤΚ  |z 2022-05 
970 |a Καμάτσου  |b Δέσποινα  |z 10-05-2022